[Event "39th Olympiad Women"]
[Site "Khanty-Mansiysk RUS"]
[Date "2010.09.30"]
[Round "9"]
[White "De Rosa, Mariagrazia"]
[Black "Newrkla, Katharina"]
[Result "1-0"]
[WhiteTitle "WFM"]
[BlackTitle "WFM"]
[WhiteElo "2073"]
[BlackElo "2123"]
[Board "24.4"]
[WhiteTeam "ITA"]
[BlackTeam "AUT"]
[WhiteFideId "815136"]
[BlackFideId "1621629"]
[EventDate "2010.09.21"]
[EventType "team"]

1. e4 c5 2. Nf3 d6 3. d4 cxd4 4. Nxd4 Nf6 5. f3 Nc6 6. c4 g6 7. Be3 Bg7 8. Qd2
O-O 9. Nc3 Nxd4 10. Bxd4 Be6 11. Nd5 Nd7 12. O-O-O Bxd4 13. Qxd4 Bxd5 14. exd5
Qa5 15. Kb1 Qc5 16. Qd2 a5 17. h4 a4 18. h5 a3 19. b3 Qa5 20. Qd4 Qb6 21. Qh4
Nf6 22. hxg6 fxg6 23. Bd3 Kf7 24. Qe1 Ke8 25. Qe2 Kd8 26. Rhe1 Rf7 27. Qe6 Rg7
28. Bf1 Qf2 29. Re2 Qg1 30. c5 Qxc5 31. Rc2 Qa5 32. Rdc1 Nd7 33. g3 Nc5 34. Qg4
Qb6 35. Bh3 e5 36. dxe6 Re7 37. Qd4 Ra4 38. Qxa4 1-0

[Event "39th Olympiad Women"]
[Site "Khanty-Mansiysk RUS"]
[Date "2010.09.30"]
[Round "9"]
[White "Zsiltzova-Lisenko, Lubov"]
[Black "Milligan, Helen"]
[Result "1/2-1/2"]
[WhiteTitle "WIM"]
[BlackTitle "WFM"]
[WhiteElo "2282"]
[BlackElo "2033"]
[Board "25.1"]
[WhiteTeam "IBCA"]
[BlackTeam "NZL"]
[WhiteFideId "14101360"]
[BlackFideId "2401312"]
[EventDate "2010.09.21"]
[EventType "team"]

1. e4 e5 2. Nf3 Nc6 3. Bb5 a6 4. Bxc6 dxc6 5. O-O Bd6 6. d4 exd4 7. Qxd4 f6 8.
Be3 Ne7 9. Nbd2 Ng6 10. Nc4 Be6 11. Rad1 Bxc4 12. Qxc4 Qe7 13. Rfe1 O-O-O 14.
Bd4 c5 15. Be3 Rhe8 16. Qc3 Ne5 17. Nxe5 Qxe5 18. Qxe5 Bxe5 19. c3 b6 20. f3 h5
21. g3 c6 22. Kg2 Bc7 23. h4 Rxd1 24. Rxd1 f5 25. Bf4 fxe4 26. fxe4 Rxe4 27. Kf3
Re6 28. Rd2 Rf6 29. Rd3 Bxf4 30. gxf4 Kc7 31. Ke4 Rg6 32. Ke5 Rg4 33. f5 Rxh4
34. Rg3 Rg4 35. Rxg4 hxg4 36. Kf4 Kd6 37. Kxg4 Ke5 38. Kg5 c4 39. Kg4 a5 40. Kg5
a4 41. a3 c5 1/2-1/2

[Event "39th Olympiad Women"]
[Site "Khanty-Mansiysk RUS"]
[Date "2010.09.30"]
[Round "9"]
[White "Bakri, Alia Anin Azwa"]
[Black "Peng, Zhaoqin"]
[Result "0-1"]
[BlackTitle "GM"]
[WhiteElo "1904"]
[BlackElo "2400"]
[Board "26.1"]
[WhiteTeam "MAS"]
[BlackTeam "NED"]
[WhiteFideId "5702712"]
[BlackFideId "1004786"]
[EventDate "2010.09.21"]
[EventType "team"]

1. d4 Nf6 2. Nf3 e6 3. e3 b6 4. Bd3 Bb7 5. O-O c5 6. Nbd2 cxd4 7. exd4 Be7 8. b3
O-O 9. Bb2 d6 10. Qe2 Nbd7 11. c4 Re8 12. Rfe1 Bf8 13. Rad1 Rc8 14. Ne4 Nxe4 15.
Bxe4 d5 16. Bd3 Bb4 17. Rf1 Qe7 18. cxd5 Bxd5 19. Ne5 Nxe5 20. dxe5 Qh4 21. Ba6
Rc7 22. Rd4 Qe7 23. Qh5 g6 24. Qh3 Ba3 25. Bc3 Qc5 26. Ba1 Qf8 27. Rh4 Qg7 28.
Bc3 Be7 29. Rg4 Rb8 30. Be2 Rbc8 31. Rg3 Be4 32. Bd4 Rc2 33. Bd3 Bxd3 34. Rxd3
Rxa2 35. Rc3 Rc2 36. Qd3 R2xc3 37. Bxc3 Qf8 38. Bb2 Qd8 39. Qa6 Rc2 40. Bc1 Bc5
41. Bf4 Kg7 42. h3 Qh4 43. Be3 Bxe3 44. fxe3 Qe4 45. Rf3 Rc1+ 46. Kf2 Qh4+ 47.
Rg3 Rc2+ 48. Kf3 Qh5+ 49. Rg4 Qxe5 50. Qxa7 Qd5+ 51. Re4 g5 52. Qa1+ f6 53. g4
Qd2 54. Qf1 Kf7 55. Rd4 Qh2 56. Rd7+ Kg8 57. Rd8+ Kg7 58. Rd7+ Kh6 59. Rf7 Qd6
60. Qb5 Qd1+ 61. Ke4 Qh1+ 62. Kd4 e5+ 0-1

[Event "39th Olympiad Women"]
[Site "Khanty-Mansiysk RUS"]
[Date "2010.09.30"]
[Round "9"]
[White "Wahiduddin, Nurul Huda"]
[Black "Schut, Lisa"]
[Result "1/2-1/2"]
[BlackTitle "WIM"]
[WhiteElo "2020"]
[BlackElo "2288"]
[Board "26.3"]
[WhiteTeam "MAS"]
[BlackTeam "NED"]
[WhiteFideId "5700396"]
[BlackFideId "1019481"]
[EventDate "2010.09.21"]
[EventType "team"]

1. e4 c5 2. Nf3 d6 3. d4 cxd4 4. Nxd4 Nf6 5. Nc3 a6 6. Be2 e5 7. Nb3 Be7 8. Be3
Be6 9. O-O O-O 10. f4 exf4 11. Bxf4 Nc6 12. Qd2 Ne5 13. h3 b5 14. a3 Qc7 15. Kh2
Ng6 16. Bg3 h5 17. Kh1 h4 18. Bh2 Rac8 19. Nd4 Ne5 20. Nf5 Bxf5 21. exf5 Rfd8
22. Qf4 Nc4 23. Bxc4 Qxc4 24. Qe3 Re8 25. Rf4 Qc5 26. Qf3 Nd7 27. Bg1 Qc6 28.
Qxc6 Rxc6 29. Re1 Ne5 30. Rfe4 Bg5 31. R1e2 Rec8 32. Bd4 Nc4 33. Nd5 Ne5 34. c3
Rd8 35. f6 Kh7 36. fxg7 f5 37. Rxe5 dxe5 38. Rxe5 Rcd6 39. Nb4 Kxg7 40. Rxf5+
Kg6 41. Rf1 Re8 42. Nd3 Rd5 43. Nf4+ Bxf4 44. Rxf4 Kg5 45. Rg4+ Kh5 46. Bf6 Re2
47. b4 Rd1+ 48. Kh2 Ra1 49. Rxh4+ Kg6 50. Bd4 Rxa3 51. Rg4+ Kh5 52. Rg8 Raa2 53.
Rh8+ Kg5 54. Rg8+ Kh5 55. Rh8+ Kg5 56. Rg8+ Kh5 57. Rg4 Ra3 58. Bf6 Raa2 59. Rg8
Re6 60. Bd4 1/2-1/2

[Event "39th Olympiad Women"]
[Site "Khanty-Mansiysk RUS"]
[Date "2010.09.30"]
[Round "9"]
[White "Van Weersel, Arlette"]
[Black "Marmono, Roslina"]
[Result "1/2-1/2"]
[WhiteTitle "WIM"]
[WhiteElo "2174"]
[BlackElo "1933"]
[Board "26.4"]
[WhiteTeam "NED"]
[BlackTeam "MAS"]
[WhiteFideId "1009877"]
[BlackFideId "5700701"]
[EventDate "2010.09.21"]
[EventType "team"]

1. e4 e6 2. d4 d5 3. Nc3 Nf6 4. e5 Nfd7 5. f4 c5 6. Nf3 Nc6 7. Be3 a6 8. Qd2 b5
9. a3 Qb6 10. Ne2 c4 11. g4 h5 12. gxh5 Rxh5 13. f5 Rxf5 14. Bg2 Rh5 15. O-O Ra7
16. Rf2 Ndb8 17. Raf1 Nd8 18. Ng5 Nbc6 19. Nh3 b4 20. axb4 Qxb4 21. c3 Qb5 22.
Nhf4 Rh8 23. Qc2 Ne7 24. Ng3 g6 25. Nh3 Nf5 26. Bg5 Be7 27. Qd2 Qd7 28. Ra1 Bxg5
29. Qxg5 Qe7 30. Nxf5 gxf5 31. Qxe7+ Kxe7 32. Nf4 Bb7 33. h3 Bc6 34. Kh2 Nb7 35.
Bf3 a5 36. Rg2 Raa8 37. Rg7 Kf8 38. Rg5 Ke7 39. Nh5 Rhg8 40. Rxg8 Rxg8 41. h4 a4
42. Kh3 Na5 43. Nf6 Rh8 44. h5 Nb3 45. Rd1 Kf8 46. Kh4 Kg7 47. Kg5 Bb5 48. Be2
Bc6 49. Rh1 Rh6 50. Rg1 Rh8 51. Kf4+ Kh6 52. Ng8+ Kh7 53. Nf6+ Kh6 54. Ke3 Bb5
55. Bf3 Bc6 56. Ke2 Bb5 57. Kd1 Bc6 58. Rg2 Bb5 59. Kc2 Ra8 60. Kb1 a3 61. bxa3
Rxa3 62. Ra2 Rxa2 63. Kxa2 Nd2 64. Bd1 Ne4 65. Kb2 Nxf6 66. exf6 Kg5 67. Ka3
Kxf6 68. Kb4 Be8 69. Kc5 Kg5 70. Kd6 Kf6 71. h6 Kg6 72. Ke7 Bc6 73. h7 Kxh7 74.
Kxf7 Bd7 75. Ke7 Bc8 76. Kf6 Kg8 77. Bh5 Kf8 78. Bd1 Bd7 79. Bh5 1/2-1/2

[Event "39th Olympiad Women"]
[Site "Khanty-Mansiysk RUS"]
[Date "2010.09.30"]
[Round "9"]
[White "Rincon Gonzalez, Liliam Esther"]
[Black "Sop, Selen"]
[Result "0-1"]
[WhiteElo "1870"]
[BlackElo "2021"]
[Board "27.4"]
[WhiteTeam "VEN"]
[BlackTeam "TUR"]
[WhiteFideId "3901963"]
[BlackFideId "6300278"]
[EventDate "2010.09.21"]
[EventType "team"]

1. e4 c5 2. Nf3 d6 3. d3 Nc6 4. g3 g6 5. Bg2 Bg7 6. c3 Nf6 7. O-O O-O 8. Qe2 Rb8
9. Na3 b5 10. d4 b4 11. Nc2 bxc3 12. bxc3 cxd4 13. cxd4 Qb6 14. Rd1 d5 15. e5
Ne4 16. Qe1 f6 17. Bf4 fxe5 18. Nxe5 Nxe5 19. dxe5 Qxf2+ 20. Qxf2 Nxf2 21. Rxd5
Nh3+ 22. Bxh3 Bxh3 23. Nd4 Rb2 24. Rb5 Rg2+ 25. Kh1 g5 26. Be3 a6 27. Rb7 Bxe5
28. Rxe7 Bf6 29. Rb7 Re8 30. Rb3 Rxe3 31. Rxe3 Bxd4 32. Re8+ Kf7 33. Rae1 Rxa2
34. R8e2 Rxe2 35. Rxe2 Bg4 0-1

[Event "39th Olympiad Women"]
[Site "Khanty-Mansiysk RUS"]
[Date "2010.09.30"]
[Round "9"]
[White "Rutherford, Elaine"]
[Black "Partac, Elena"]
[Result "1/2-1/2"]
[WhiteTitle "WFM"]
[BlackTitle "WGM"]
[WhiteElo "2080"]
[BlackElo "2087"]
[Board "28.1"]
[WhiteTeam "SCO"]
[BlackTeam "MDA"]
[WhiteFideId "2401428"]
[BlackFideId "13901001"]
[EventDate "2010.09.21"]
[EventType "team"]

1. e4 c5 2. Nc3 Nc6 3. f4 g6 4. Nf3 Bg7 5. Bb5 Nd4 6. O-O a6 7. Bd3 d6 8. Nxd4
cxd4 9. Ne2 Nf6 10. Qe1 O-O 11. Qf2 b5 12. e5 dxe5 13. fxe5 Ng4 14. Qxd4 Bxe5
15. Qxd8 Rxd8 16. h3 Nf6 17. a4 b4 18. Bc4 Bb7 19. Nf4 Rac8 20. Bb3 a5 21. d3
Kg7 22. Rb1 Nd5 23. Bc4 Nxf4 24. Bxf4 Bxf4 25. Rxf4 Bd5 26. b3 e5 27. Rf2 e4 28.
Bxd5 Rxd5 29. dxe4 Rdc5 30. Rd1 Rxc2 31. Rd5 Rxf2 32. Kxf2 Rc3 33. Rxa5 Rxb3 34.
Rb5 Rb1 35. e5 b3 36. Rb7 Kg8 37. Rb8+ Kg7 38. Rb7 Kg8 39. Rb8+ 1/2-1/2

[Event "39th Olympiad Women"]
[Site "Khanty-Mansiysk RUS"]
[Date "2010.09.30"]
[Round "9"]
[White "Ursu, Ana-Maria W"]
[Black "Macgilchrist, Siegrun"]
[Result "1-0"]
[WhiteElo "1905"]
[BlackElo "1784"]
[Board "28.4"]
[WhiteTeam "MDA"]
[BlackTeam "SCO"]
[WhiteFideId "13904213"]
[BlackFideId "2401681"]
[EventDate "2010.09.21"]
[EventType "team"]

1. c4 Nf6 2. Nc3 e6 3. Nf3 Bb4 4. g3 Nc6 5. Bg2 O-O 6. O-O Bxc3 7. bxc3 d5 8.
cxd5 exd5 9. Qa4 Re8 10. e3 Bf5 11. d4 Qd7 12. Qb5 a6 13. Qe2 Na5 14. Ne5 Qc8
15. c4 Nxc4 16. Nxc4 dxc4 17. Qxc4 c6 18. Ba3 Be6 19. Qc2 Bf5 20. Qb3 Qd8 21.
Qxb7 Qa5 22. Qb4 Qxb4 23. Bxb4 Nd5 24. Bc5 Rab8 25. Rfe1 Bd7 26. Bf1 a5 27. Reb1
Nc3 28. Rb3 Ne4 29. Ba7 Rxb3 30. axb3 Nd2 31. Bc4 Be6 32. Bxe6 fxe6 33. Rxa5
Nxb3 34. Ra2 Re7 35. Bb8 Rb7 36. Bd6 Rd7 37. Ra8+ Kf7 38. Rf8+ Kg6 39. Be5 c5
40. dxc5 Nxc5 41. Kg2 Ne4 42. Rf4 Nf6 43. g4 h6 44. h4 Nd5 45. Rf8 Nf6 46. h5+
Nxh5 47. gxh5+ Kxh5 48. Re8 g5 49. Rxe6 Rf7 50. Kg3 Rb7 51. Bd4 Rf7 52. e4 Rd7
53. Be3 Rg7 54. e5 Rg8 55. Bd4 Rd8 56. Rd6 Re8 57. e6 Kg6 58. e7+ Kf7 59. Bf6
Rb8 60. Rd8 Rb3+ 61. f3 Re3 62. Rf8+ 1-0

[Event "39th Olympiad Women"]
[Site "Khanty-Mansiysk RUS"]
[Date "2010.09.30"]
[Round "9"]
[White "Leite, Catarina"]
[Black "Abarca Gonzalez, Damaris"]
[Result "1-0"]
[WhiteTitle "WIM"]
[WhiteElo "2183"]
[BlackElo "1991"]
[Board "29.1"]
[WhiteTeam "POR"]
[BlackTeam "CHI"]
[WhiteFideId "1901222"]
[BlackFideId "3409414"]
[EventDate "2010.09.21"]
[EventType "team"]

1. e4 e5 2. Nf3 Nc6 3. Bb5 a6 4. Ba4 Nf6 5. O-O Be7 6. Re1 b5 7. Bb3 d6 8. c3
O-O 9. a4 Bb7 10. d4 Re8 11. Nbd2 Bf8 12. Bc2 Nb8 13. Qe2 c6 14. Nf1 Nbd7 15.
Ng3 g6 16. h3 Nb6 17. axb5 axb5 18. Rxa8 Qxa8 19. Bg5 Bg7 20. Bb3 Nbd7 21. Nd2
Nf8 22. f4 Ne6 23. dxe5 dxe5 24. fxe5 Nd7 25. Be3 Bxe5 26. Qf2 Qd8 27. Nf3 Bg7
28. Nd4 Ndf8 29. Rf1 Qd7 30. Nge2 Rc8 31. Nf4 Nd8 32. Nf3 Nfe6 33. Nxe6 Nxe6 34.
Ng5 Nxg5 35. Bxg5 Rf8 36. Qc5 Qd3 37. Be7 Bh6 38. Re1 Re8 39. Bg5 Bf8 40. Qf2
Qd7 41. Rf1 Re6 42. Bxe6 Qxe6 43. Qf6 Qc4 44. Rd1 h6 45. Be3 Qxe4 46. Bd4 1-0

[Event "39th Olympiad Women"]
[Site "Khanty-Mansiysk RUS"]
[Date "2010.09.30"]
[Round "9"]
[White "Jorquera Cabello, Valentina"]
[Black "Coimbra, Margarida"]
[Result "0-1"]
[BlackTitle "WFM"]
[WhiteElo "1970"]
[BlackElo "2090"]
[Board "29.2"]
[WhiteTeam "CHI"]
[BlackTeam "POR"]
[WhiteFideId "3405494"]
[BlackFideId "1901192"]
[EventDate "2010.09.21"]
[EventType "team"]

1. e4 e5 2. Nf3 Nc6 3. Bb5 a6 4. Ba4 Nf6 5. O-O b5 6. Bb3 Bc5 7. c3 d6 8. d4 Bb6
9. h3 Bb7 10. Re1 O-O 11. Bg5 h6 12. Bh4 g5 13. Bg3 exd4 14. cxd4 Re8 15. e5
dxe5 16. Nxe5 Nxe5 17. Bxe5 Bxd4 18. Bxd4 Rxe1+ 19. Qxe1 Qxd4 20. Qe7 Qxb2 21.
Qxf7+ Kh8 22. Bc2 Qxa1 23. Qg6 Qe5 24. Qxh6+ Kg8 25. Qg6+ Kf8 26. Nd2 Re8 27.
Nf1 Be4 28. Qh6+ Ke7 29. Bd1 Qf5 30. Qg7+ Kd8 31. Qf7 Bd5 32. Qg7 Rg8 0-1

[Event "39th Olympiad Women"]
[Site "Khanty-Mansiysk RUS"]
[Date "2010.09.30"]
[Round "9"]
[White "Pintor, Ariana"]
[Black "Cortes Arias, Mariela"]
[Result "1-0"]
[WhiteTitle "WFM"]
[WhiteElo "2110"]
[BlackElo "1772"]
[Board "29.3"]
[WhiteTeam "POR"]
[BlackTeam "CHI"]
[WhiteFideId "1902806"]
[BlackFideId "3405478"]
[EventDate "2010.09.21"]
[EventType "team"]

1. e4 c5 2. Nf3 Nf6 3. d3 Nc6 4. g3 d5 5. e5 Nd7 6. Qe2 e6 7. c3 Be7 8. Bg2 Rb8
9. O-O b5 10. a3 c4 11. d4 a5 12. Ne1 b4 13. axb4 axb4 14. Qg4 g6 15. Nc2 h5 16.
Qe2 Bb7 17. f4 Ra8 18. Rxa8 Qxa8 19. Ne3 Qa2 20. Nd2 b3 21. f5 gxf5 22. Nxd5
exd5 23. Qf3 Nd8 24. Qxf5 Qa6 25. Nxc4 dxc4 26. Bxb7 Nxb7 27. Qxf7+ Kd8 28. Qd5
Kc8 29. Bf4 Rd8 30. Qf7 Ba3 31. Ra1 Qc6 32. Rxa3 Rf8 33. Ra8+ Kc7 34. Rxf8 1-0

[Event "39th Olympiad Women"]
[Site "Khanty-Mansiysk RUS"]
[Date "2010.09.30"]
[Round "9"]
[White "Cua, Shercila"]
[Black "Ramirez M., Eugenia"]
[Result "1/2-1/2"]
[WhiteTitle "WFM"]
[WhiteElo "2099"]
[BlackElo "2031"]
[Board "30.2"]
[WhiteTeam "PHI"]
[BlackTeam "BOL"]
[WhiteFideId "5202620"]
[BlackFideId "3301680"]
[EventDate "2010.09.21"]
[EventType "team"]

1. d4 Nf6 2. c4 c5 3. Nf3 e6 4. Nc3 cxd4 5. Nxd4 a6 6. g3 Qc7 7. Qd3 Nc6 8. Nxc6
Qxc6 9. e4 Bc5 10. Bg2 Ng4 11. Qe2 Ne5 12. b3 Qd6 13. O-O Qd3 14. Bb2 Qxe2 15.
Nxe2 d6 16. Bd4 Bd7 17. Rfd1 Bc6 18. Rd2 Ke7 19. Rad1 Rad8 20. h3 f6 21. Bc3
Rhf8 22. Bd4 Nf7 23. f4 Bb4 24. Bc3 Bc5+ 25. Bd4 Bb4 26. Bc3 Bc5+ 27. Kh2 e5 28.
Rb2 Be3 29. Bd2 exf4 30. gxf4 Bb6 31. Ng3 g6 32. Bc3 Rd7 33. Bd4 Bxd4 34. Rxd4
Nd8 35. Rdd2 Ne6 36. Rf2 Nc5 37. Rbd2 a5 38. h4 Kd8 39. Bh3 Re7 40. Rxd6+ Kc7
41. Rfd2 Nxe4 42. Nxe4 Rxe4 43. Bg2 Rxf4 44. Bxc6 bxc6 45. Rd7+ Kb6 46. Rxh7 Re8
47. Rg2 g5 48. hxg5 fxg5 49. Rg7 Rh4+ 50. Kg1 Re1+ 51. Kf2 Rhe4 52. R7xg5 R4e2+
53. Kf3 Re3+ 1/2-1/2

[Event "39th Olympiad Women"]
[Site "Khanty-Mansiysk RUS"]
[Date "2010.09.30"]
[Round "9"]
[White "Docena, Jedara"]
[Black "Solis, Gabriela"]
[Result "1-0"]
[WhiteElo "2033"]
[BlackElo "1934"]
[Board "30.4"]
[WhiteTeam "PHI"]
[BlackTeam "BOL"]
[WhiteFideId "5202361"]
[BlackFideId "3301338"]
[EventDate "2010.09.21"]
[EventType "team"]

1. e4 d5 2. exd5 Qxd5 3. Nc3 Qa5 4. d4 Nf6 5. Bd2 c6 6. Nf3 Bf5 7. Bc4 e6 8. O-O
Qc7 9. Re1 Be7 10. h3 Nbd7 11. a4 O-O 12. Nh4 Bg6 13. Nxg6 hxg6 14. b3 Nb6 15.
Bd3 Rad8 16. Ne2 Nbd7 17. c3 Bd6 18. Qc2 e5 19. Rad1 Rfe8 20. Bg5 a6 21. Qc1 Re6
22. Bc4 Ree8 23. Bd3 Re6 24. Qb1 Kh7 25. b4 Nb6 26. dxe5 Rxe5 27. f4 Ree8 28. f5
Bh2+ 29. Kh1 gxf5 30. Bxf5+ Kg8 31. Rxd8 Rxd8 32. Bxf6 gxf6 33. Qe4 Qe5 34. Qg4+
Kf8 35. a5 Nc4 36. Qxc4 Qxf5 37. Kxh2 Qf2 38. Qc5+ Qxc5 39. bxc5 Rd5 40. Rb1
Rxc5 41. Rxb7 Rxa5 42. Kg3 Re5 43. Kf3 a5 44. Rc7 c5 45. Ra7 Rf5+ 46. Ke3 Re5+
47. Kd2 Rd5+ 48. Ke1 Rg5 49. g3 Rh5 50. h4 Re5 51. Rxa5 Ke7 52. Ra6 f5 53. Kf2
Kf8 54. Kf3 Kg7 55. Rc6 1-0

[Event "39th Olympiad Women"]
[Site "Khanty-Mansiysk RUS"]
[Date "2010.09.30"]
[Round "9"]
[White "Tay, Li Jin Jeslin"]
[Black "Vasquez Ramirez, Rocio"]
[Result "1/2-1/2"]
[WhiteTitle "WFM"]
[BlackTitle "WIM"]
[WhiteElo "2119"]
[BlackElo "2227"]
[Board "31.1"]
[WhiteTeam "SIN"]
[BlackTeam "ECU"]
[WhiteFideId "5800927"]
[BlackFideId "3600750"]
[EventDate "2010.09.21"]
[EventType "team"]

1. d4 Nf6 2. c4 c5 3. d5 e5 4. Nc3 d6 5. e4 g6 6. h3 Bg7 7. Bg5 h6 8. Be3 O-O 9.
Bd3 a6 10. Qd2 Kh7 11. Nge2 Ng8 12. g4 Qh4 13. O-O-O Nd7 14. Kb1 Nb6 15. g5 f5
16. gxf6 Nxf6 17. f4 Nbd7 18. Rdg1 exf4 19. Nxf4 Ne5 20. Bf2 Nxe4 21. Nxe4 Qxf4
22. Be3 Qh4 23. Nxd6 Nxd3 24. Rxg6 Rf6 25. Rxg7+ Kxg7 26. Rg1+ Kh8 27. Qxd3 Rxd6
28. Bxc5 Rf6 29. Ka1 Bf5 30. Qc3 Rg8 31. Rf1 Kh7 32. a3 Re8 33. d6 Kg6 34. Rg1+
Kf7 35. Bd4 Rd8 36. c5 Rg6 37. Rf1 Rg5 38. Bf6 Qxh3 39. Qxh3 Bxh3 40. Bxg5+ Bxf1
41. Bxd8 Ke6 42. a4 h5 43. Ka2 Kd5 44. Be7 Bh3 45. Ka3 Bd7 46. Kb4 Kc6 47. Bh4
Be6 48. Bf2 Kd7 49. Ka5 Bd5 50. b4 Be4 51. b5 axb5 52. axb5 Bf3 53. Kb6 Be4 54.
Ka7 Bf3 55. Kb6 Be4 56. Ka5 Bf3 57. Kb4 Be2 58. Bg3 Bf1 59. Ka5 Bg2 60. c6+ bxc6
61. b6 c5 62. Kb5 Bb7 63. Kxc5 Bc8 64. Kd5 Bb7+ 65. Ke5 Ba8 66. Kf5 h4 67. Bh2
Bb7 1/2-1/2

[Event "39th Olympiad Women"]
[Site "Khanty-Mansiysk RUS"]
[Date "2010.09.30"]
[Round "9"]
[White "Moncayo Romero, Evelyn"]
[Black "Liu, Yang"]
[Result "1-0"]
[WhiteTitle "WIM"]
[BlackTitle "WFM"]
[WhiteElo "2127"]
[BlackElo "2083"]
[Board "31.2"]
[WhiteTeam "ECU"]
[BlackTeam "SIN"]
[WhiteFideId "3600424"]
[BlackFideId "5800919"]
[EventDate "2010.09.21"]
[EventType "team"]

1. e4 c5 2. Nf3 Nc6 3. d4 cxd4 4. Nxd4 Nf6 5. Nc3 e5 6. Ndb5 d6 7. Nd5 Nxd5 8.
exd5 Nb8 9. c4 Be7 10. Bd3 O-O 11. O-O a6 12. Nc3 f5 13. f3 Nd7 14. Kh1 Bg5 15.
b4 a5 16. a3 axb4 17. Bxg5 Qxg5 18. axb4 Rxa1 19. Qxa1 Qe3 20. Bc2 Nb8 21. Nb5
Qe2 22. Nxd6 Qxc2 23. Qxe5 Bd7 24. c5 Qa4 25. b5 h6 26. Qb2 Qa7 27. Rc1 Rf6 28.
b6 Qa6 29. Ra1 Qd3 30. Qe5 Na6 31. Nxb7 Qc2 32. Qd4 Rg6 33. Qg1 Nb4 34. Nd6 Kh7
35. b7 Nd3 36. Rf1 Qb2 37. g3 Qb4 38. Rb1 Qd2 39. Qg2 Qe3 40. Rf1 Ne1 41. Qf2
Qb3 42. Rxe1 f4 43. Kg2 h5 44. Re7 Ba4 45. Nf5 Qb1 46. c6 Rg5 47. Nxg7 Rxg7 48.
Rxg7+ Kxg7 49. Qd4+ Kh6 50. Qxf4+ 1-0

[Event "39th Olympiad Women"]
[Site "Khanty-Mansiysk RUS"]
[Date "2010.09.30"]
[Round "9"]
[White "Neo, Xiuwen Christabel"]
[Black "Romero Echeverria, Abigail"]
[Result "0-1"]
[WhiteElo "1846"]
[BlackElo "2058"]
[Board "31.3"]
[WhiteTeam "SIN"]
[BlackTeam "ECU"]
[WhiteFideId "5801494"]
[BlackFideId "3603806"]
[EventDate "2010.09.21"]
[EventType "team"]

1. e4 c5 2. Nf3 e6 3. d4 cxd4 4. Nxd4 a6 5. c4 Nf6 6. Nc3 Bb4 7. Bd3 Nc6 8. Nc2
Be7 9. Be3 Ne5 10. Be2 d6 11. Rc1 O-O 12. O-O b6 13. f3 Bb7 14. Na4 Ned7 15. b4
Rc8 16. Qd2 Qc7 17. Rfd1 Bc6 18. Nc3 Ba8 19. Nd4 Rfe8 20. a3 Qb8 21. Bf1 Bd8 22.
Nb3 Bc7 23. Bf4 Ne5 24. Bxe5 dxe5 25. c5 a5 26. Nb5 Red8 27. Qe1 a4 28. Nxc7
Qxc7 29. Nd2 bxc5 30. Rxc5 Qa7 31. Qf2 Rxc5 32. bxc5 h6 33. Rc1 Bc6 34. Nc4 Nd7
35. Nb6 Rb8 36. Nxd7 Qxd7 37. Bc4 Rb7 38. Kf1 Qd8 39. Qc2 Qb8 40. Qd3 Rd7 41.
Qc3 Rd4 42. Qb4 Qxb4 43. axb4 Rxc4 44. Rxc4 Bb5 45. c6 Bxc4+ 46. Ke1 a3 0-1

[Event "39th Olympiad Women"]
[Site "Khanty-Mansiysk RUS"]
[Date "2010.09.30"]
[Round "9"]
[White "Orejuela Chango, Paulina"]
[Black "Lo, Yin Ling Melissa"]
[Result "1/2-1/2"]
[WhiteElo "2037"]
[BlackElo "1814"]
[Board "31.4"]
[WhiteTeam "ECU"]
[BlackTeam "SIN"]
[WhiteFideId "3604403"]
[BlackFideId "5801001"]
[EventDate "2010.09.21"]
[EventType "team"]

1. e4 c5 2. c3 e5 3. Nf3 Nc6 4. Bb5 Nge7 5. O-O Qb6 6. Na3 Ng6 7. Bc4 Be7 8. d3
O-O 9. Nc2 d6 10. Ne3 Nf4 11. Nf5 Bxf5 12. exf5 Na5 13. g3 Nxc4 14. dxc4 Nh5 15.
Nxe5 Nxg3 16. Nd7 Qc6 17. fxg3 Qxd7 18. Qd5 Qc6 19. Rd1 Rad8 20. Bf4 Rfe8 21.
Rd2 Qa6 22. a3 Qb6 23. Rad1 Bf6 24. Kf2 h6 25. Qf3 Qb3 26. Qd3 Rd7 27. Be3 Red8
28. Qe2 Re7 29. Qg4 Rxe3 30. Kxe3 Bg5+ 31. Kf2 Bxd2 32. Rxd2 Qb6 33. Qf3 Qc6 34.
Qd5 Qd7 35. Re2 Kf8 36. Qf3 Qc6 37. Qd5 Qxd5 38. cxd5 Re8 39. Rxe8+ Kxe8 1/2-1/2

[Event "39th Olympiad Women"]
[Site "Khanty-Mansiysk RUS"]
[Date "2010.09.30"]
[Round "9"]
[White "Hernandez Guerrero, Yadira"]
[Black "Smith, Olivia"]
[Result "1-0"]
[WhiteTitle "WIM"]
[BlackTitle "WFM"]
[WhiteElo "2160"]
[BlackElo "2002"]
[Board "32.1"]
[WhiteTeam "MEX"]
[BlackTeam "WLS"]
[WhiteFideId "5100992"]
[BlackFideId "411850"]
[EventDate "2010.09.21"]
[EventType "team"]

1. Nf3 Nf6 2. c4 c5 3. Nc3 Nc6 4. d4 cxd4 5. Nxd4 g6 6. Nc2 Bg7 7. g3 d6 8. Bg2
h5 9. h3 Ne5 10. b3 Qb6 11. Be3 Qa5 12. Bd2 Qd8 13. Ne3 e6 14. Rc1 Rb8 15. O-O
b6 16. f4 Ned7 17. Nb5 Nc5 18. Bc3 O-O 19. Nxd6 Qe7 20. Nxc8 Rbxc8 21. Qc2 a5
22. Qb2 Ne8 23. Nc2 Bxc3 24. Qxc3 Nd6 25. Nd4 Nde4 26. Qe3 e5 27. Nb5 exf4 28.
Rxf4 Rce8 29. Rd1 Qg5 30. Rf3 Qe5 31. Qf4 Ng5 32. Rff1 Nge4 33. Qxe5 Rxe5 34.
Kh2 Rfe8 35. Nc7 Rb8 36. Rd5 Re7 37. Nb5 Kg7 38. Bf3 Rbe8 39. Kg2 Rb8 40. Rfd1
Rbe8 41. Rd8 Ng5 42. Rxe8 Rxe8 43. Rd6 Nxf3 44. Kxf3 Re6 45. Rxe6 fxe6 46. Nd6
Nd7 47. Ke4 Kf6 48. Kd4 g5 49. a3 Ke7 50. Ne4 g4 51. h4 Nb8 52. c5 Nc6+ 53. Kc4
bxc5 54. Kxc5 Kd7 55. Nf6+ Kc7 56. Nxh5 e5 57. e3 Ne7 58. Nf6 Nf5 59. Nxg4 Nxg3
60. Nxe5 1-0

[Event "39th Olympiad Women"]
[Site "Khanty-Mansiysk RUS"]
[Date "2010.09.30"]
[Round "9"]
[White "Blackburn, Suzie G."]
[Black "Guerrero Rodriguez, Alejandra"]
[Result "0-1"]
[WhiteTitle "WFM"]
[BlackTitle "WIM"]
[WhiteElo "1939"]
[BlackElo "2128"]
[Board "32.2"]
[WhiteTeam "WLS"]
[BlackTeam "MEX"]
[WhiteFideId "414930"]
[BlackFideId "5104297"]
[EventDate "2010.09.21"]
[EventType "team"]

1. d4 f5 2. Nf3 Nf6 3. Bg5 e6 4. e3 Be7 5. Bd3 O-O 6. Nbd2 d5 7. Ne5 Nbd7 8.
Ndf3 Ne4 9. Bxe7 Qxe7 10. c3 Ndf6 11. O-O Bd7 12. Qb3 b6 13. Rad1 Be8 14. Bb5 c5
15. Bc6 Rc8 16. Qa4 Bxc6 17. Nxc6 Qe8 18. Nfe5 Ng4 19. Qxa7 Rxc6 20. Nxc6 Qxc6
21. dxc5 Qxc5 22. Qd7 Qd6 23. Qxd6 Nxd6 24. Rd4 Ra8 25. h3 Nf6 26. a4 Nfe4 27.
f3 Nc5 28. Rb4 Ra6 29. b3 Kf7 30. Rd1 Ke7 31. g4 fxg4 32. hxg4 Ndb7 33. c4 dxc4
34. bxc4 Nxa4 35. Ra1 Nbc5 36. g5 e5 37. Kg2 Ra8 38. Kg3 h6 39. Kg4 Ke6 40. f4
h5+ 41. Kf3 g6 42. Ra3 e4+ 43. Kg3 Kf5 44. Ra1 Rd8 45. Rb5 Rd3 46. Kf2 Nc3 47.
Rxb6 Nd1+ 48. Kg3 Rxe3+ 49. Kh4 Nd7 50. Rb5+ Kxf4 51. Rxd1 Ne5 52. Rf1+ Nf3+ 53.
Kh3 Re2 54. Rxf3+ exf3 55. Rd5 Rc2 56. c5 f2 57. Kg2 h4 58. Rd1 Kg4 59. Rd3 h3+ 0-1